000 01226nmc a2200409 a 4500
003 AR-BaBNM
005 20251128204323.0
008 025119s1989 ||||||||||||||000 | spa||
020 _a950-582-113-1
040 _cAR-BaBNM
100 1 _aPalladino, Enrique
245 1 0 _aEducación de adultos
_bguía de estudio ; Seminario de educación de adultos
250 _a4ª ed.
260 _aBuenos Aires
_bHumanitas
_c1989
300 0 _a189 p.
_bil.
490 0 _aFormación docente
_vv. 6
504 _aBibliografía p. 187-189
650 4 _aANALFABETISMO
650 4 _aEDUCADORES DE ADULTOS
650 4 _aROL DEL DOCENTE
650 4 _aALUMNOS ADULTOS
650 4 _aMOTIVACION DEL ALUMNO
650 4 _aALFABETIZACION
650 4 _aPROGRAMAS DE EDUCACION DE ADULTOS
650 4 _aCONTENIDO DEL PROGRAMA
650 4 _aMETODOS DE ALFABETIZACION
650 4 _aRECURSOS EDUCACIONALES
650 4 _aENSENANZA DE LA LECTURA
650 4 _aENSENANZA DE LA ESCRITURA
650 4 _aENSENANZA DE LAS MATEMATICAS
650 4 _aENSENANZA DE LA CIENCIA
650 4 _aCIENCIAS SOCIALES
653 0 _aEDUCACION PARA LA SALUD
800 1 _aSierra de Villaverde, Sela
_edirector
942 _cBK
998 _cCarmen
999 _c7010
_d7010